| 000 | 00772nam a2200181 a 4500 | ||
|---|---|---|---|
| 003 | 0 | ||
| 005 | 20250514085126.0 | ||
| 008 | 970101s19uu xx 00 eng d | ||
| 050 |
_aPHS HV 5131 _b.B66 2004 |
||
| 100 | _aBonifacio, Aldo Miguel Constantino Medina. | ||
| 245 |
_aA Profile on the drinking habits of male high school students of Southville International School and Colleges / _cAldo Miguel Constantino Medina Bonifacio. |
||
| 260 |
_aLas PiƱas City, Philippines : _bSouthville International School and Colleges, _c2004. |
||
| 300 |
_a53 pages : _billustrations ; _c28 cm. |
||
| 504 | _aIncludes bibliographical references. | ||
| 650 |
_aDrinking of alcoholic beverages _zPhilippines. |
||
| 650 |
_aTeenage boys _zPhilippines _xAlcohol use. |
||
| 942 |
_2lcc _cPASS |
||
| 999 |
_c97087 _d97087 |
||